00297nam a2200121Ia 4500008004100000082001900041100001800060245002300078250000900101260004100110300000800151650001600159191201s2008 xx 000 0 und d a621.38043bHAS aHAYKIN, Simon 0aSignal and Systems aRep. aN.DelhibWiley Dreautech Indiac2008 a802 aB.Tech(ECE)